000 00578nam a22002057a 4500
999 _c7977
_d7977
003 OSt
005 20220812110046.0
008 220812b ||||| |||| 00| 0 eng d
020 _a9788723435600
040 _cNLM
082 _aWB460
_bP5691 2017
100 _aMarie, Stokes: Emma, Stack
_916201
245 _aPhyisical management for Neurological conditions.
250 _a4th ed.
260 _aChurchhill Livingstone:
_bElsevier;
_c2017
300 _axviii,430p.:
_bill;
_c26cm
504 _aIndex included.
650 _a Neurological conditions.
_916202
942 _2z
_cBOOK